Management of human behavior in an organization / (Record no. 827)

MARC details
000 -LEADER
fixed length control field 00680nam a22001937a 4500
005 - DATE AND TIME OF LATEST TRANSACTION
control field 20230201052044.0
008 - FIXED-LENGTH DATA ELEMENTS--GENERAL INFORMATION
fixed length control field 230201b |||||||| |||| 00| 0 eng d
020 ## - INTERNATIONAL STANDARD BOOK NUMBER
International Standard Book Number 978-971-9654-19-3
082 ## - DEWEY DECIMAL CLASSIFICATION NUMBER
Classification number Fil. 302.3 Se487 2016
100 ## - MAIN ENTRY--PERSONAL NAME
Personal name Serrano, Angelita C.
Relator term author
245 ## - TITLE STATEMENT
Title Management of human behavior in an organization /
Statement of responsibility, etc. Angelita Ong Camilar-Serrano, Marivic Francisco Flores
260 ## - PUBLICATION, DISTRIBUTION, ETC.
Place of publication, distribution, etc. Manila:
Name of publisher, distributor, etc. Unlimited Books Library Services and Publishing,
Date of publication, distribution, etc. c2016
300 ## - PHYSICAL DESCRIPTION
Extent viii, 466p.:
Other physical details ill.
504 ## - BIBLIOGRAPHY, ETC. NOTE
Bibliography, etc. note Includes bibliographies
541 ## - IMMEDIATE SOURCE OF ACQUISITION NOTE
Accession number 5947 c.1, 5948 c.2, 5949 c.3
650 ## - SUBJECT ADDED ENTRY--TOPICAL TERM
Topical term or geographic name entry element Organizational behavior
650 ## - SUBJECT ADDED ENTRY--TOPICAL TERM
Topical term or geographic name entry element Human behavior
700 ## - ADDED ENTRY--PERSONAL NAME
Personal name Flores, Marivic F.
Holdings
Withdrawn status Lost status Source of classification or shelving scheme Damaged status Not for loan Home library Current library Date acquired Total Checkouts Full call number Barcode Date last seen Copy number Price effective from Koha item type
    Dewey Decimal Classification     ctu-moalboal ctu-moalboal 03/19/2019   Fil. 302.3 Se487 2016 5947 02/01/2023 1 02/01/2023 Books-Filipiniana
    Dewey Decimal Classification     ctu-moalboal ctu-moalboal 03/19/2019   Fil. 302.3 Se487 2016 5948 02/01/2023 2 02/01/2023 Books-Filipiniana
    Dewey Decimal Classification     ctu-moalboal ctu-moalboal 03/19/2019   Fil. 302.3 Se487 2016 5949 02/01/2023 3 02/01/2023 Books-Filipiniana